000
00325nam a2200133Ia 4500
008
190216s9999||||xx |||||||||||||| ||und||
100
_a
Simons S
245
0
_a
Introduction To The Principles Of Quantum Mechanics
250
_a
1st Ed.
260
_b
Null
_c
1968
300
_a
116
650
_a
Chemistry-Chemistry
942
_c
BK
999
_c
2404
_d
2404